000 00737cam a2200253 a 4500
001 15512511
005 20180918035616.0
008 081106s2009 it a b 000 0 eng
010 _a 2008941152
020 _a9788847011038
020 _a9788847011045 (ebook)
040 _aDLC
_cDLC
_dDLC
041 _aeng
042 _apcc
080 _a660.2945 BAR
082 0 0 _a660.2945 BAR
_222
100 _a11
101 _aBIO
245 0 0 _aHydrogels :
_cRolando Barbucci (editor).
504 _aIncludes bibliographical references.
906 _a7
_bcbc
_corignew
_d2
_eepcn
_f20
_gy-gencatlg
942 _2ddc
_cBK
999 _c47875
_d47875